Θέατρο του σώματος και commedia dell'arte

Αποθηκεύτηκε σε:
Λεπτομέρειες βιβλιογραφικής εγγραφής
Κύριος συγγραφέας: Müller, Werner
Άλλοι συγγραφείς: Μαυρομουστάκου, Δέσποινα (trlf, edtf)
Μορφή: Βιβλίο
Γλώσσα:Greek
German
Δημοσίευση: Θεσσαλονίκη : University Studio Press, 1996.
Θέματα:
Ετικέτες: Προσθήκη ετικέτας
Δεν υπάρχουν, Καταχωρήστε ετικέτα πρώτοι!

MARC

LEADER 00000cam a2200000 i 4500
001 1/67734
008 990125s1996 gr | ||| |||| ||gre||
020 |a 9601205446 
035 |l 10047529 
040 |a GR-MY-UA  |b gre  |e aacr 
041 1 |a gre  |h ger 
082 7 |a 792.01   |2 (22) 
100 1 |a Müller, Werner. 
245 1 0 |a Θέατρο του σώματος και commedia dell'arte /   |c Werner Muller ; μετάφραση, επιμέλεια: Δέσποινα Μαυρομουστάκου.  
260 |a Θεσσαλονίκη :   |b University Studio Press,   |c 1996.  
300 |a 192 σ. :   |b εικ. ;   |c 22 εκ.  
500 |a Μετάφραση του: Korpertheater und Commedia dell'arte  
504 |a Βιβλιογραφία : σ. 173-176.  
650 0 0 |a Theater. 
700 1 |a Μαυρομουστάκου, Δέσποινα,  |e trlf  |e edtf 
852 |a INST  |b RHODES  |e 19990125  |h 792.01 MUL  |p 005400005664  |q 005400005664  |t BK  |y 0 
901 |a BIBL-1999-1 
909 |a Ρ  |b 057192 
922 |a 4ΕΛΗ  |b 199805  |c ΚΠΣ/Ν 
970 |z 2000/06/